000 00378nam a2200145Ia 4500
008 220803s9999 xx 000 0 und d
020 _a9780500514993
041 _aeng
082 _a712 HAR
100 _aHargreaves G
_924925
245 _aHargreaves : The Alchemy Of Landscape Architecture
260 _aNew York
_bThames And Hudson
_c2014
300 _a300p
500 _aLANDS
999 _c15806
_d15806